| 000 | 00000nas 2200000zi 4500 |
| 001 | 9.920411 |
| 003 | CaOODSP |
| 005 | 20230224144130 |
| 006 | m o d f |
| 007 | cr ||||||||||| |
| 008 | 230224d19231926oncar p oss f000#b0fre|d |
| 022 | |y0837-9513 |
| 040 | |aCaOODSP|bfre|erda|cCaOODSP |
| 041 | |afre|beng |
| 043 | |an-cn--- |
| 086 | 1 |aCS81-D-20F-PDF |
| 222 | 0|aAperçu annuel sur l'instruction publique au Canada |
| 245 | 00|aAperçu annuel sur l'instruction publique au Canada. |
| 264 | 1|aOttawa : |bBureau fédéral de la statistique, |c1925-1928. |
| 310 | |aAnnuel |
| 336 | |atexte|btxt|2rdacontent/fre |
| 337 | |ainformatique|bc|2rdamedia/fre |
| 338 | |aressource en ligne|bcr|2rdacarrier/fre |
| 362 | 0 |a1927-1936. |
| 500 | |aÉdition numérisée de l’imprimé [par Statistique Canada]. |
| 500 | |aPublié aussi en anglais sous le titre : Annual survey of education in Canada. |
| 546 | |aComprend du texte en anglais. |
| 580 | |aFait suite après scission à: Annual report on education statistics in Canada. |
| 588 | |aDescription d'après : 1923. |
| 588 | |aDernière livraison consultée : 1926. |
| 650 | 6|aÉducation|zCanada|xStatistiques|vPériodiques. |
| 650 | 6|aÉducation|xEnquêtes|zCanada|vPériodiques. |
| 650 | 6|aÉducation|zCanada|vStatistiques|vPériodiques. |
| 655 | 7|aStatistiques|2rvmgf |
| 710 | 1 |aCanada. |bBureau fédéral de la statistique, |eorganisme de publication. |
| 775 | 08|tAnnual survey of education in Canada.|w(CaOODSP)9.920385 |
| 780 | 00|tAnnual report on education statistics in Canada.|w(CaOODSP)9.920430 |
| 785 | 00|tAperçu annuel sur l'éducation au Canada |w(CaOODSP)9.813930 |